000 00634nam a2200229Ia 4500
003 OSt
005 20220926030738.0
006 a|||||r|||| 00| 0
007 ta
008 220923b |||||||| |||| 00| 0 eng d
037 _cGeneral Book
040 _aRTL
_cRTL
_beng
041 _2eng
_aeng
082 _aY:3217.2.N7, M2
100 _aBambawale Usha
_9334766
245 0 _aInter-religions marriages
260 _aPune
_bDastane Ramchandra&Co.
_c1982
300 _avi,237p
_ccm.
500 _aBibliography P 221-234
942 _hY:3217.2.N7, M2
_cGB
_2CC
999 _c650597
_d650597